Premier League Appearances by Nationality: England - Statistics

General Stats
  • This quiz has been taken 30 times
  • The average score is 6 of 10
Answer Stats
Appearances Player % Correct
609 Frank Lampard
93%
504 Steven Gerrard
93%
653 Gareth Barry
85%
652 James Milner
78%
505 Phil Neville
67%
504 Rio Ferdinand
59%
572 David James
56%
508 Jamie Carragher
48%
516 Emile Heskey
30%
503 Sol Campbell
26%
No matching quizzes found
Score Distribution
Percent of People with Each Score
Percentile by Number Answered
Your Score History
You have not taken this quiz